<?xml version="1.0" encoding="UTF-8"?>
<record
    xmlns:xsi="http://www.w3.org/2001/XMLSchema-instance"
    xsi:schemaLocation="http://www.loc.gov/MARC21/slim http://www.loc.gov/standards/marcxml/schema/MARC21slim.xsd"
    xmlns="http://www.loc.gov/MARC21/slim">

  <leader>01050nam a22002891  4500</leader>
  <controlfield tag="001">20264</controlfield>
  <controlfield tag="003">BD-RjUL</controlfield>
  <controlfield tag="005">20211209000536.0</controlfield>
  <controlfield tag="008">140227r19681959enk           000 1 eng d</controlfield>
  <datafield tag="035" ind1=" " ind2=" ">
    <subfield code="a">(BD-RjUL)20326</subfield>
  </datafield>
  <datafield tag="040" ind1=" " ind2=" ">
    <subfield code="a">DLC</subfield>
    <subfield code="c">DLC</subfield>
    <subfield code="d">DLC</subfield>
    <subfield code="d">BD-RjUL</subfield>
    <subfield code="b">eng</subfield>
  </datafield>
  <datafield tag="041" ind1=" " ind2=" ">
    <subfield code="a">eng</subfield>
  </datafield>
  <datafield tag="082" ind1="0" ind2="0">
    <subfield code="a">822.008</subfield>
    <subfield code="b">HAL 1968</subfield>
  </datafield>
  <datafield tag="100" ind1="1" ind2=" ">
    <subfield code="a">Hall, Willis,</subfield>
    <subfield code="d">1929-2005.</subfield>
    <subfield code="9">62461</subfield>
  </datafield>
  <datafield tag="245" ind1="1" ind2="4">
    <subfield code="a">The long and the short and the tall :</subfield>
    <subfield code="b">and Each his own wilderness /</subfield>
    <subfield code="c">by Doris Lessing; and Yes, and after by Michael Hastings.</subfield>
  </datafield>
  <datafield tag="260" ind1=" " ind2=" ">
    <subfield code="a">Harmondsworth :</subfield>
    <subfield code="b">Penguin,</subfield>
    <subfield code="c">c1959 [reprinted 1968].</subfield>
  </datafield>
  <datafield tag="300" ind1=" " ind2=" ">
    <subfield code="a">236 p. ;</subfield>
    <subfield code="c">18 cm.</subfield>
  </datafield>
  <datafield tag="490" ind1="0" ind2=" ">
    <subfield code="a">Penguin plays, PL80</subfield>
  </datafield>
  <datafield tag="600" ind1="2" ind2=" ">
    <subfield code="a">Hastings, Michael, -- 1937- -- Yes, and after.</subfield>
    <subfield code="d">1937- </subfield>
    <subfield code="x">Yes, and after.</subfield>
    <subfield code="9">62465</subfield>
  </datafield>
  <datafield tag="700" ind1="1" ind2="2">
    <subfield code="a">Hastings, Michael,</subfield>
    <subfield code="d">1938-2011.</subfield>
    <subfield code="t">Yes, and after.</subfield>
    <subfield code="f">1968.</subfield>
    <subfield code="9">62463</subfield>
  </datafield>
  <datafield tag="700" ind1="1" ind2="2">
    <subfield code="a">Lessing, Doris,</subfield>
    <subfield code="d">1919-2013.</subfield>
    <subfield code="t">Each his own wilderness.</subfield>
    <subfield code="f">1968.</subfield>
    <subfield code="9">62464</subfield>
  </datafield>
  <datafield tag="740" ind1="0" ind2=" ">
    <subfield code="a">Each his own wilderness.</subfield>
  </datafield>
  <datafield tag="740" ind1="0" ind2=" ">
    <subfield code="a">Yes, and after.</subfield>
  </datafield>
  <datafield tag="942" ind1=" " ind2=" ">
    <subfield code="2">ddc</subfield>
    <subfield code="c">BK</subfield>
  </datafield>
  <datafield tag="999" ind1=" " ind2=" ">
    <subfield code="c">20264</subfield>
    <subfield code="d">20264</subfield>
  </datafield>
  <datafield tag="952" ind1=" " ind2=" ">
    <subfield code="0">0</subfield>
    <subfield code="1">0</subfield>
    <subfield code="2">ddc</subfield>
    <subfield code="4">0</subfield>
    <subfield code="7">1</subfield>
    <subfield code="8">FIC</subfield>
    <subfield code="a">RUCL</subfield>
    <subfield code="b">RUCL</subfield>
    <subfield code="c">Reading</subfield>
    <subfield code="d">1990-10-23</subfield>
    <subfield code="e">Shawkat Osman.</subfield>
    <subfield code="l">0</subfield>
    <subfield code="o">822.008 HAL 1968</subfield>
    <subfield code="r">2014-02-27 00:00:00</subfield>
    <subfield code="t">C-1</subfield>
    <subfield code="w">2014-02-27</subfield>
    <subfield code="y">BK</subfield>
  </datafield>
</record>
